[Event "Hoogovens"]
[Site "Wijk aan Zee"]
[Date "1983.??.??"]
[Round "?"]
[White "Hulak, Krunoslav"]
[Black "Kuligowski, Adam"]
[Result "1/2-1/2"]
[WhiteElo "2515"]
[BlackElo "2450"]

1.d4 d5 2.Nf3 Nf6 3.Bf4 c6 4.e3 Qb6 5.Qc1 Bf5 6.c4 Na6 7.a3 Nh5 8.c5 Qd8
9.Nbd2 f6 10.b4 g5 11.Bg3 Nxg3 12.hxg3 Nc7 13.Qc3 Kf7 14.Bd3 Qd7 15.Qc2 Bxd3
16.Qxd3 h6 17.Nb3 Bg7 18.Ng1 Qg4 19.Ne2 e5 20.f3 Qe6 21.g4 e4 22.Qd2 Rae8
23.Kf2 h5 24.gxh5 Bh6 25.fxe4 dxe4 26.d5 Nxd5 27.Nbd4 Qd7 28.Ng3 Re5 29.Rhf1 g4
30.Nc2 Bg5 31.Rh1 f5 32.Kg1 Kg7 33.Rf1 Kh7 34.Ne2 Rd8 35.Qc1 Re7 36.g3 Kh6
37.Rh2 Rf7 38.Kh1 Rdf8 39.Qd2 Qc7 40.Qc1 Qe5 41.Kg1 Rd8 42.Nf4 Bxf4 43.gxf4 Qc3
44.Qa1 g3 45.Rg2 Qxa1 46.Rxa1 Rg8 47.Kf1 Kxh5 48.Ke2 Rd7 49.Rh1+ Kg4 50.Rxg3+ Kxg3
51.Rg1+ Kh2 52.Rxg8 Nc3+ 53.Kf1 Rd1+ 54.Ne1 Ra1 55.Rh8+ Kg3 56.Rg8+ Kh3 57.Rh8+ Kg4
58.Rg8+ Kh5 59.Rg5+ Kh4 60.Rxf5 Rxa3 61.Rf7 Nd5 62.Rh7+ Kg4 63.Rg7+ Kf5 64.Ng2 b5
65.cxb6 axb6 66.Rg5+ Kf6 67.b5  1/2-1/2

[Event "Hoogovens"]
[Site "Wijk aan Zee"]
[Date "1983.??.??"]
[Round "?"]
[White "Hulak, Krunoslav"]
[Black "Hort, Vlastimil"]
[Result "1-0"]
[WhiteElo "2515"]
[BlackElo "2585"]

1.e4 e5 2.Nf3 Nc6 3.Bb5 a6 4.Ba4 Nf6 5.O-O Nxe4 6.d4 b5 7.Bb3 d5 8.dxe5 Be6
9.Be3 Be7 10.c3 Qd7 11.Nbd2 Nc5 12.Bc2 Bg4 13.Qb1 h6 14.Nd4 Nxe5 15.f4 Nc4
16.Nxc4 dxc4 17.f5 Bh5 18.b4 Nd3 19.Bxd3 cxd3 20.Qxd3 Qd5 21.Rae1 O-O-O 22.a4 Rhe8
23.axb5 axb5 24.h3 Bd6 25.Bf2 f6 26.Qc2 Rxe1 27.Rxe1 Be8 28.Qe4 Be5 29.Qg4 Bc6
30.Nxc6 Qxc6 31.Qxg7 Qxc3 32.Qxh6 Qxb4 33.Rxe5 fxe5 34.Qa6+  1-0

[Event "Hoogovens"]
[Site "Wijk aan Zee"]
[Date "1983.??.??"]
[Round "?"]
[White "Browne, Walter S"]
[Black "Seirawan, Yasser"]
[Result "1/2-1/2"]
[WhiteElo "2540"]
[BlackElo "2600"]

1.d4 Nf6 2.c4 e6 3.Nf3 d5 4.Nc3 Nbd7 5.cxd5 exd5 6.Bf4 c6 7.e3 Be7 8.Bd3 O-O
9.Qc2 Re8 10.O-O Nf8 11.Rab1 Ng6 12.Bg3 Nh5 13.b4 Nxg3 14.hxg3 a6 15.a4 a5
16.b5 Bd7 17.bxc6 bxc6 18.e4 Be6 19.e5 Bf8 20.Nh2 c5 21.f4 cxd4 22.Nb5 Bd7
23.Kh1 Bb4 24.Nxd4 Rc8 25.Qd1 Rc3 26.Rf3 Qe7 27.Bb5 Rec8 28.Rxc3 Rxc3 29.Nhf3 Bg4
30.Rc1 h5 31.Rxc3 Bxc3 32.Qd3 Bxd4 33.Nxd4 h4 34.Kh2 Bd7 35.Qe3 Bxb5 36.Nxb5 hxg3+
37.Qxg3 Qd7 38.Qg5 d4 39.e6 Qxe6 40.Qd8+ Kh7 41.Qxd4  1/2-1/2

[Event "Hoogovens"]
[Site "Wijk aan Zee"]
[Date "1983.??.??"]
[Round "?"]
[White "Browne, Walter S"]
[Black "Ree, Hans"]
[Result "1-0"]
[WhiteElo "2540"]
[BlackElo "2500"]

1.d4 Nf6 2.c4 g6 3.Nc3 Bg7 4.e4 d6 5.f3 O-O 6.Be3 e5 7.d5 c6 8.Qd2 cxd5 9.cxd5 Na6
10.Bb5 Ne8 11.Nge2 Nec7 12.O-O Nxb5 13.Nxb5 Nc7 14.Nxa7 Bd7 15.Qb4 Ne8 16.Qxb7 Rb8
17.Nc6 Rxb7 18.Nxd8 Rxb2 19.Nc3 Nc7 20.Nc6 Ra8 21.Rab1 Rc2 22.Rfc1 Rxc1+
23.Bxc1 Na6 24.Ba3 Bf8 25.Rb7 Bc8 26.Ra7 Rxa7 27.Nxa7 Bd7 28.Nc6 Nc7 29.Kf2 f5
30.Bb4 fxe4 31.fxe4 Na6 32.Ba3 Nc7 33.Bb4 Na6 34.Ba3 Nc7 35.Ke3 Bc8 36.Bb4 Na6
37.Ba3 Nc7 38.Bb4 Na6 39.a4 Kf7 40.Ba3 Ke8 41.Nb5 Kd7 42.Nxe5+ dxe5 43.Bxf8 Nc7
44.Na3 Ba6 45.Nc2 Bf1 46.Ne1 Ne8 47.Nf3 Bxg2 48.Nxe5+ Kc7 49.Be7  1-0

[Event "Hoogovens"]
[Site "Wijk aan Zee"]
[Date "1983.??.??"]
[Round "?"]
[White "Kuligowski, Adam"]
[Black "Nunn, John DM"]
[Result "0-1"]
[WhiteElo "2450"]
[BlackElo "2570"]

1.d4 Nf6 2.c4 g6 3.Nc3 Bg7 4.e4 d6 5.f3 O-O 6.Be3 Nc6 7.Nge2 a6 8.Qd2 Rb8
9.h4 h5 10.O-O-O b5 11.Nd5 bxc4 12.g4 Nxd5 13.exd5 Nb4 14.Nc3 c6 15.Bxc4 cxd5
16.Bb3 Qb6 17.Rhg1 Be6 18.gxh5 Bf5 19.Rg5 Bh6 20.Rdg1 Bxg5 21.Rxg5 e6 22.hxg6 fxg6
23.h5 Rb7 24.Qg2 Rg7 25.h6 Rb7 26.Rxf5 exf5 27.Qxg6+ Kh8 28.Qg2 f4 29.Bg1 Rg8  0-1

[Event "Hoogovens"]
[Site "Wijk aan Zee"]
[Date "1983.??.??"]
[Round "?"]
[White "Hort, Vlastimil"]
[Black "Nunn, John DM"]
[Result "1/2-1/2"]
[WhiteElo "2585"]
[BlackElo "2570"]

1.e4 d6 2.d4 Nf6 3.Nc3 g6 4.g3 Bg7 5.Bg2 O-O 6.Nge2 e5 7.h3 Nc6 8.Be3 b6
9.O-O Bb7 10.Re1 Re8 11.Qd2 Qd7 12.Rad1 Rad8 13.dxe5 Nxe5 14.b3 Qc8 15.Bg5 Ned7
16.Nd4 Nc5 17.Qf4 Nh5 18.Qh4 Bxd4 19.Rxd4 Ne6 20.Rd3 Nxg5 21.Qxg5 Ng7 22.e5 Bxg2
23.Kxg2 dxe5 24.Rxd8 Qxd8 25.Qxd8 Rxd8  1/2-1/2

[Event "Hoogovens"]
[Site "Wijk aan Zee"]
[Date "1983.??.??"]
[Round "?"]
[White "Browne, Walter S"]
[Black "Nunn, John DM"]
[Result "1/2-1/2"]
[WhiteElo "2540"]
[BlackElo "2570"]

1.d4 g6 2.e4 d6 3.Nc3 Bg7 4.Nf3 Nf6 5.Be2 O-O 6.O-O Bg4 7.Be3 Nc6 8.Qd2 e5
9.dxe5 dxe5 10.Rad1 Qc8 11.Qc1 Rd8 12.Rxd8+ Nxd8 13.Rd1 Ne6 14.Qd2 Bxf3 15.Bxf3  1/2-1/2

[Event "Hoogovens"]
[Site "Wijk aan Zee"]
[Date "1983.??.??"]
[Round "?"]
[White "Van der Wiel, John TH"]
[Black "Scheeren, Peter"]
[Result "1/2-1/2"]
[WhiteElo "2530"]
[BlackElo "2445"]

1.e4 c6 2.d4 d5 3.Nd2 dxe4 4.Nxe4 Bf5 5.Ng3 Bg6 6.h4 h6 7.Nf3 Nd7 8.h5 Bh7
9.Bd3 Bxd3 10.Qxd3 e6 11.Bd2 Qc7 12.O-O-O Ngf6 13.Ne4 O-O-O 14.Kb1 Nc5 15.Nxc5 Bxc5
16.c4 Bb6 17.Bc3 Rhe8 18.Qc2 c5 19.dxc5 Qxc5 20.Ne5 Rxd1+ 21.Rxd1 Qxf2 22.Qxf2 Bxf2
23.Nxf7 Bg3 24.Bxf6 gxf6 25.Nd6+ Bxd6 26.Rxd6 Kc7 27.c5 b6 28.b4 bxc5 29.bxc5 Rb8+
30.Ka1 Rb5 31.Rxe6 Rxc5 32.g4 Rc4 33.Rxf6 Rxg4 34.Rxh6 Rh4 35.Kb2 Rh3 36.Rh7+ Kb6
37.Rh8 Kb5  1/2-1/2

[Event "Hoogovens"]
[Site "Wijk aan Zee"]
[Date "1983.??.??"]
[Round "?"]
[White "Seirawan, Yasser"]
[Black "Van der Wiel, John TH"]
[Result "0-1"]
[WhiteElo "2600"]
[BlackElo "2530"]

1.c4 e6 2.Nc3 c5 3.Nf3 Nf6 4.g3 b6 5.e4 Bb7 6.Qe2 Nc6 7.Bg2 d6 8.O-O Be7
9.Rd1 Nd4 10.Nxd4 cxd4 11.Nb5 e5 12.Nxd4 exd4 13.e5 Bxg2 14.exf6 Bb7 15.Qxe7+ Qxe7
16.fxe7 Kxe7 17.b3 Rhe8 18.Bb2 d3 19.Bxg7 Kd7 20.Rdc1 Bf3 21.Rc3 Be2 22.Bd4 Re4
23.Be3 Rg8 24.f3 Rh4 25.Kg2 f5 26.f4 Rhg4 27.Kf2 h5 28.Rg1 h4 29.Bd4 R4g6
30.Rcc1 Rh6 31.gxh4 Rxg1 32.Rxg1 Rxh4 33.Rg7+ Ke6 34.Be3 Rh3 35.Ke1 Rf3 36.Rg1 d5
37.h4 d4 38.Bxd4 Rxf4 39.Bf2 Re4 40.Rg7 f4 41.Rxa7 Bg4+ 42.Kf1 Re2 43.Ra6 Rxd2
44.c5 Kf5 45.cxb6 Ke4 46.Ra4+ Kf3 47.Rxf4+ Kxf4 48.b7 Rd1+ 49.Be1 Rxe1+ 50.Kxe1 Ke3  0-1

[Event "Hoogovens"]
[Site "Wijk aan Zee"]
[Date "1983.??.??"]
[Round "?"]
[White "Ree, Hans"]
[Black "Van der Wiel, John TH"]
[Result "1-0"]
[WhiteElo "2500"]
[BlackElo "2530"]

1.d4 Nf6 2.c4 e6 3.Nc3 Bb4 4.Qc2 c5 5.dxc5 O-O 6.a3 Bxc5 7.Nf3 Nc6 8.Bf4 Nh5
9.Bg3 f5 10.e3 g6 11.Rd1 Nxg3 12.hxg3 Qf6 13.Be2 Ne5 14.Nxe5 Qxe5 15.Rd3 Be7
16.g4 fxg4 17.Bxg4 Rf4 18.Be2 Rxc4 19.f4 Qg7 20.e4 Rc6 21.Rdh3 d6 22.Rxh7 Qxh7
23.Rxh7 Kxh7 24.e5 Bd7 25.Bb5 Rc7 26.Qd3 Rd8 27.exd6 Bxb5 28.Qh3+  1-0